000 00572nam a22002057a 4500
999 _c9898
_d9898
003 AR-CdUCM
008 190328b ||||| |||| 00| 0 spa d
040 _aMUNICIPALIDAD PROVINCIAL DEL CUSCO
_cBIBLIOTECA MUNICIPAL DEL CUSCO
082 _aC / 869.56 /
_bR63C
100 _aRíos Zamalloa, J.
_926430
245 _aEl crepúsculo del mendigo /
260 _bGeneración.
300 _a113 páginas ;
_c19 cm.
505 _aContenido: Cuentos.
650 _aCuentos
_9217
650 _aLiteratura
_983
650 _aCusco
_9772
942 _2ddc
_cLIBROS
945 _aachl